| 000 | 01297nam a2200301 i 4500 | ||
|---|---|---|---|
| 003 | EG-ScBUE | ||
| 005 | 20240204122309.0 | ||
| 008 | 111130s1985 ua o 00| 0 ara d | ||
| 017 | _a1985 / 4812 | ||
| 040 |
_aEG-ScBUE _bara _erda _cEG-ScBUE _dEG-ScBUE |
||
| 043 | _af-sj--- | ||
| 082 | 0 | 4 |
_222 _a962.403 _bح س ن |
| 100 | 1 |
_927950 _aحسن، حمدنا الله مصطفى، _eمؤلف. |
|
| 245 | 1 | 2 |
_aالتطور الاقتصادي والاجتماعي في السودان 1841-1881 / _cدكتور حمدنا الله مصطفى حسن، مدرس التاريخ الحجيث والمعاصر، كلية الآداب، جامعة عين شمس. |
| 250 | _aالطبعة الأولى. | ||
| 264 | 1 |
_aالقاهرة : _bدار المعارف، _c1985. |
|
| 300 |
_a554 صفحة ؛ _c24 سم |
||
| 336 |
_2rdacontent _aنص _btxt |
||
| 337 |
_aبدون وسيط _2rdamedia _bn |
||
| 338 |
_aمجلد _bnc _2rdacarrier |
||
| 504 | _aيشتمل على إرجاعات ببليوجرافية. | ||
| 651 | 7 |
_913607 _aالسودان _xتاريخ _yالعصر الحديث. _2BUEsh |
|
| 651 | 7 |
_98111 _aالسودان _xأحوال سياسية. _2BUEsh |
|
| 651 | 7 |
_928065 _aالسودان _xأحوال اقتصادية. _2BUEsh |
|
| 653 | _cNovember2011 | ||
| 655 | _vReading book | ||
| 942 |
_2ddc _cBB |
||
| 999 |
_c16280 _d16280 |
||